000
00181 a2200097 4500
020
_a
9786078927005
041
_a
spa
100
_a
Dreams Art
245
_a
Koto y el Agua
942
_c
K
999
_c
30488
_d
30486